000 01063nam a2200289 a 4500
999 _c28251
_d28251
001 3993196
005 20170223162640.0
008 951218s1995 iluag b 001 0 eng
010 _a 95235320
040 _aDLC
_cDLC
050 0 0 _aMT 655 .P47 1995
245 0 0 _aPercussion anthology :
_ba compendium of articles from the Instrumentalist.
250 _a4th ed., articles from 1946 through 1995.
260 _aNorthfield, Ill. (200 Northfield Rd., Northfield) :
_bInstrumentalist Co.,
_cc1995.
300 _a809 p. :
_bill., music ;
_c30 cm.
490 1 _aAnthology series ;
_vv. 4
500 _a"Fifth edition"--Introd.
504 _aIncludes bibliographies and indexes.
650 0 _aPercussion instruments
_xInstruction and study.
730 0 _aInstrumentalist.
942 _2lcc
_cBOOKS
_hMT 655 .P47 1995